Berühmte Persönlichkeiten aus aller Welt - Statistiken

Allgemein
  • Dieses Quiz wurde 1.892 mal gespielt
  • Das Durchschnittsergebnis liegt bei 46 aus 104
Antwortstatistiken
Gruppe Hinweis Persönlichkeit % Korrekt
Entdecker Amerika Christoph Kolumbus
84%
Musik King of Pop Michael Jackson
84%
Wissenschaft Relativitätstheorie Albert Einstein
83%
Religion Christentum Jesus
83%
Musik österreichischer Komponist Wolfgang Amadeus Mozart
82%
Herrscher Drittes Reich Adolf Hitler
81%
Unternehmer Tesla, SpaceX Elon Musk
81%
Herrscher Römisches Reich Julius Caesar
79%
Sport Formel 1 Michael Schumacher
75%
Sport Boxer Muhammad Ali
75%
Herrscher Sowjetunion Josef Stalin
74%
Schriftsteller Faust. Eine Tragödie Johann Wolfgang von Goethe
73%
Sport Formel 1 Lewis Hamilton
73%
Religion Reformation Martin Luther
73%
Religion Islam Mohammed
73%
Unternehmer Microsoft Bill Gates
72%
Musik King of Rock ’n’ Roll Elvis Presley
72%
Musik deutscher Komponist Ludwig van Beethoven
72%
Herrscher USA George Washington
71%
Sport Basketball Michael Jordan
71%
Unternehmer Apple Steve Jobs
69%
Wissenschaft Gravitation Isaac Newton
68%
Unternehmer Amazon Jeff Bezos
68%
Schriftsteller Harry Potter Joanne K. Rowling
68%
Kunst italienischer Universalgelehrter Leonardo da Vinci
66%
Schriftsteller Romeo und Julia William Shakespeare
66%
Sport Golf Tiger Woods
65%
Sport Läufer Usain Bolt
65%
Musik deutscher Komponist Johann Sebastian Bach
64%
Wissenschaft Evolution Charles Darwin
63%
Erfinder Buchdruck Johannes Gutenberg
63%
Herrscher Ägypten Kleopatra
62%
Sport Tennis Roger Federer
62%
Herrscher Sowjetunion Wladimir Lenin
62%
Erfinder Modernes Automobil Carl Benz
60%
Aktivist Indien Mahatma Ghandi
59%
Religion Buddhismus Buddha
58%
Herrscher Frankreich Napoleon Bonaparte
58%
Herrscher USA Abraham Lincoln
57%
Wissenschaft Radioaktivität Marie Curie
57%
Aktivist Südafrika Nelson Mandela
57%
Philosoph Kommunistisches Manifest Karl Marx
54%
Erfinder Glühbirne Thomas Edison
53%
Herrscher Makedonien Alexander der Große
51%
Schriftsteller Shining, Es Stephen King
50%
Herrscher Mongolei Dschingis Khan
46%
Pionier Fließbandproduktion Henry Ford
46%
Schriftsteller Herr der Ringe J. R. R. Tolkien
46%
Philosoph griechischer Universalgelehrter Aristoteles
44%
Herrscher Römisches Reich Augustus
44%
Wissenschaft italienischer Universalgelehrter Galileo Galilei
43%
Herrscher Vereinigtes Königreich Winston Churchill
43%
Philosoph griechischer Philosoph Sokrates
42%
Musik Nirvana Kurt Cobain
40%
Schriftsteller Ilias Homer
39%
Kunst Klassischen Moderne Pablo Picasso
39%
Kunst Expressionismus Vincent van Gogh
39%
Herrscher USA Franklin D. Roosevelt
38%
Erfinder Telefon Graham Bell
38%
Philosoph Kritik der praktischen Vernunft Immanuel Kant
37%
Philosoph griechischer Philosoph, Höhlengleichnis Platon
37%
Entdecker Australien James Cook
36%
Herrscher China Mao Zedong
36%
Erfinder Dynamit Alfred Nobel
35%
Entdecker Asienreisender Marco Polo
35%
Heerführer Karthargo Hannibal
34%
Philosoph Kommunistisches Manifest Friedrich Engels
33%
Pionier Motorflugzeug Gebrüder Wright
32%
Wissenschaft Heliozentrisches Weltbild Nikolaus Kopernikus
32%
Entdecker Erste Weltumsegelung Ferdinand Magellan
31%
Kunst Hochrenaissance Michelangelo
31%
Erfinder Modernes Automobil Gottfried Daimler
27%
Kunst Impressionismus Claude Monet
26%
Erfinder Dampfmaschine James Watt
26%
Herrscher Ägypten Ramses II.
26%
Erfinder Blitzableiter Benjamin Franklin
24%
Musik russischer Komponist Pjotr Tschaikowski
24%
Heerführer Trafalgar Horatio Nelson
22%
Philosoph Also sprach Zarathustra Friedrich Nietzsche
21%
Herrscher Vereinigten Königreich Queen Victoria
21%
Herrscher USA Thomas Jefferson
21%
Wissenschaft Planetenbewegungen Johannes Kepler
20%
Erfinder Störe meine Kreise nicht! Archimedes
18%
Schriftsteller Der alte Mann und das Meer Ernest Hemingway
18%
Herrscher Russisches Reich Katharina die Große
18%
Pionier Alleinüberquerung Atlantiks (Frau) Amelia Earhart
16%
Entdecker Südamerika Amerigo Vespucci
16%
Unternehmer Google Larry Page
15%
Kunst Barock Rembrandt
15%
Philosoph Cogito ergo sum Rene Descartes
15%
Unternehmer Standard Oil John D. Rockefeller
13%
Pionier Alleinüberquerung Atlantiks (Mann) Charles Lindbergh
12%
Entdecker Amerika Leif Eriksson
12%
Kunst Renaissance Albrecht Dürer
11%
Pionier Flugzeug Otto Lilienthal
10%
Unternehmer Google Sergey Brin
10%
Philosoph Candide oder der Optimismus, Vordenker Aufklärung Voltaire
10%
Heerführer Waterloo Arthur Wellington
9%
Philosoph Harmonie und Mitte, Gleichmut und Ausgeglichenheit Konfuzius
9%
Heerführer Nord-Virginia-Armee Robert E. Lee
8%
Philosoph deutscher Universalgelehrter, Vordenker Aufklärung Gottfried Wilhelm Leibniz
7%
Musik Chairman of the board Frank Sinatra
4%
Heerführer preußischer General Helmuth von Moltke
3%
Heerführer Sichelschnitt Erich von Manstein
2%
Keine übereinstimmenden Quizze gefunden
Verteilung der Resultate
Anzahl Personen mit jedem Resultat
Perzentil nach korrekt beantworteten Fragen
Ihre Resultats-Entwicklung
Sie haben dieses Quiz noch nicht gespielt